Němčina pro jazykové školy. 2 /

Gespeichert in:
Bibliographische Detailangaben
Hauptverfasser: Höppnerová, Věra (Verfasst von), Kremzerová, Anna (Verfasst von), Nožičková, Eva (Verfasst von)
Format: Buch
Sprache:Mehrsprachig
Veröffentlicht: Praha : Státní pedagogické nakladatelství, 1981
Ausgabe:2.vyd.
Tags: Tag hinzufügen
Keine Tags, Fügen Sie das erste Tag hinzu!

MARC

LEADER 00000nam a22000003a 4500
001 stu9530
005 20150617225805.0
008 970421s1981----cs------------------mul-d
040 |a STU  |b slo 
041 0 |a mul 
044 |a cs 
080 |a 803.0(075) 
100 1 |a Höppnerová, Věra  |4 aut 
245 1 |a Němčina pro jazykové školy. 2 /  |c [aut.] Höppnerová,Věra; Kremzerová,Anna; Nožičková,Eva 
250 |a 2.vyd. 
260 |a Praha :  |b Státní pedagogické nakladatelství,  |c 1981 
300 |a 32 s 
700 1 |a Kremzerová, Anna  |4 aut 
700 1 |a Nožičková, Eva  |4 aut 
996 |b 284EK06992  |c E*58867  |l EE01  |s A  |a 24  |w stu9530_0001